<?xml version="1.0" encoding="UTF-8"?>
<collection xmlns="http://www.loc.gov/MARC21/slim">
    <record>
        <controlfield tag="001">67916</controlfield>
        <controlfield tag="005">20180223095100.0</controlfield>
        <datafield tag="037" ind1=" " ind2=" ">
            <subfield code="a">GDOC-2016-26919</subfield>
        </datafield>
        <datafield tag="041" ind1=" " ind2=" ">
            <subfield code="a">spa</subfield>
        </datafield>
        <datafield tag="100" ind1=" " ind2=" ">
            <subfield code="0">(orcid)0000-0002-7158-9794</subfield>
            <subfield code="1">387172</subfield>
            <subfield code="a">Amaré Tafalla, Julio César</subfield>
        </datafield>
        <datafield tag="245" ind1="0" ind2="0">
            <subfield code="9">26919</subfield>
            <subfield code="a">Ondas electromagnéticas</subfield>
        </datafield>
        <datafield tag="260" ind1=" " ind2=" ">
            <subfield code="a">Zaragoza</subfield>
            <subfield code="b">Universidad de Zaragoza</subfield>
            <subfield code="c">2016-2017</subfield>
        </datafield>
        <datafield tag="520" ind1=" " ind2=" ">
            <subfield code="a">Breve presentación de la asignatura
Las enseñanzas de esta asignatura están enfocadas hacia la descripción de las propiedades y fenomenología de la radiación electromagnética y el conocimiento de los fenómenos presentes en la propagación bajo diferentes condiciones, describiéndolos con rigor y haciendo uso de un formalismo matemático accesible. Se desarrollan conceptos relacionados con la propagación en el vacío y en medios materiales, la fenomenología de la difracción y las interferencias, la descripción y manejo de la polarización, el guiado de ondas y brevemente de su generación y detección.
Con las prácticas de laboratorio se busca que los estudiantes aprendan a manejar la instrumentación básica asociada, observando los fenómenos estudiados y ejercitándose en la toma de medidas y en la elaboración y presentación de los resultados.</subfield>
            <subfield code="b"> </subfield>
        </datafield>
        <datafield tag="521" ind1=" " ind2=" ">
            <subfield code="9">124</subfield>
            <subfield code="a">Física</subfield>
        </datafield>
        <datafield tag="540" ind1=" " ind2=" ">
            <subfield code="a">by-nc-sa</subfield>
            <subfield code="b">Creative Commons</subfield>
            <subfield code="c">3.0</subfield>
            <subfield code="u">http://creativecommons.org/licenses/by-nc-sa/3.0/</subfield>
        </datafield>
        <datafield tag="700" ind1=" " ind2=" ">
            <subfield code="0">(orcid)0000-0002-8919-6390</subfield>
            <subfield code="1">387336</subfield>
            <subfield code="a">Tornos Gimeno, José</subfield>
        </datafield>
        <datafield tag="830" ind1=" " ind2=" ">
            <subfield code="9">447</subfield>
        </datafield>
        <datafield tag="856" ind1="4" ind2=" ">
            <subfield code="s">17412</subfield>
            <subfield code="u">http://zaguan.unizar.es/record/67916/files/guia-26919-es.pdf</subfield>
            <subfield code="y">Guía (idioma español)</subfield>
        </datafield>
        <datafield tag="856" ind1="4" ind2=" ">
            <subfield code="s">6239</subfield>
            <subfield code="u">http://zaguan.unizar.es/record/67916/files/guia-26919-en.pdf</subfield>
            <subfield code="y">Guide (english)</subfield>
        </datafield>
        <datafield tag="970" ind1=" " ind2=" ">
            <subfield code="a">GDOC-2016-26919</subfield>
        </datafield>
        <datafield tag="980" ind1=" " ind2=" ">
            <subfield code="a">GDOC</subfield>
            <subfield code="b">Ciencias</subfield>
            <subfield code="c">100</subfield>
        </datafield>
    </record>

    
</collection>